000 00495nam a2200169 i 4500
001 87032
003 ES-MaACL
005 20230906175557.0
007 t|
008 041217s1971 sp ||||1| spa d
100 1 _aKlotz, Guenter.
_968302
245 1 3 _aLa enseñanza programada /
_cGuenter Klotz ; [traducción, José Luis Oller].
260 _aBarcelona :
_bA. Redondo,
_c[1971]
300 _a158 p. ;
_c18 cm.
700 1 _aOller, José Luis.
_986909
852 _aES-MaACL
_jC-49656
_bR.80023
999 _c87032
_d87032